| 000 | 01498nam a2200277 a 4500 | ||
|---|---|---|---|
| 001 | 000000282 | ||
| 003 | DO-SdBNP | ||
| 005 | 20211116121341.0 | ||
| 008 | 081112s2007 dr a 001 0 spa d | ||
| 040 |
_aDO-SdBNP _bspa _cBNPHU |
||
| 082 | 4 |
_a972.9375 _bH626h _222 |
|
| 100 | 1 |
_aHichez Tellería, Julio César, _d1954- _9923 |
|
| 245 | 1 | 0 |
_aHistoria de La Caleta : _bel aeropuerto de las Américas y el arte de los paredones / _cJulio César Hichez Tellería. |
| 260 |
_aSanto Domingo : _bImpresora Soto Castillo, _c2007. |
||
| 300 |
_a92 p. : _bil. ; _c22 cm. |
||
| 500 | _aIncluye datos bibliográficos del autor en la solapa de la cubierta | ||
| 505 | 2 |
_tLos orígenes de La Caleta -- _tArtes de los paredones y su controversia -- _tAeropuerto internacional y otras obras -- _tParque La Caleta y museo arqueológico -- _tVida religiosa -- _tLos barrios y la administración -- _tLos servicios -- _tCiudad cibernética -- _tLa industria y comercio. |
|
| 590 | _aInventariado,2018/DG | ||
| 651 | 4 |
_a Boca Chica (Distrito Nacional, República Dominicana) _xHistoria local _9924 |
|
| 651 | 4 |
_aAeropuertos _zRepública Dominicana _xHistoria _9925 |
|
| 651 | 4 |
_a Boca Chica (Distrito Nacional, República Dominicana) _xVida social y costumbres _9926 |
|
| 651 |
_aBoca Chica (Distrito Nacional, República Dominicana) _9927 _xObras públicas |
||
| 651 | 4 |
_aCiudades y pueblos _z Boca Chica (Distrito Nacional, República Dominicana) _9928 |
|
| 910 | _aValidado. Control de calidad MFF | ||
| 942 |
_2ddc _cLBS1 |
||
| 999 |
_c282 _d282 |
||